Di sản văn hóa dân gian vùng cửa sông Đà Diễn
Giới thiệu văn hoá dân gian vùng cửa sông Đà Diễn (thành phố Tuy Hoà, tỉnh Phú Yên) qua văn hoá vật thể, phi vật thể với những phong tục, tập quán, tín ngưỡng dân gian, lễ hội dân gian, văn học - nghệ thuật và tri thức dân gian, nghề thủ công truyền thống và những di sản văn hoá vùng cửa sông Đà Diễ...
Spremljeno u:
| Glavni autor: | |
|---|---|
| Format: | Knjiga |
| Jezik: | Vietnamese |
| Izdano: |
H.
Khoa học xã hội
2015
|
| Teme: | |
| Oznake: |
Dodaj oznaku
Bez oznaka, Budi prvi tko označuje ovaj zapis!
|
| Thư viện lưu trữ: | Mạng thư viện Đại học Đà Nẵng |
|---|
| LEADER | 01995aam a22004098a 4500 | ||
|---|---|---|---|
| 001 | 000023588 | ||
| 003 | 20041 | ||
| 005 | 20160108090139.0 | ||
| 008 | 160108s2015 viesd | ||
| 020 | |d 2000b | ||
| 041 | 0 | |a vie | |
| 082 | 0 | 4 | |2 23 |a 390.0959755 |b LÊ-V |
| 100 | 1 | |a Lê Thế Vịnh | |
| 245 | 1 | 0 | |a Di sản văn hóa dân gian vùng cửa sông Đà Diễn |c Lê Thế Vịnh |
| 260 | |a H. |b Khoa học xã hội |c 2015 | ||
| 300 | |a 479 tr. |c 21 cm. | ||
| 500 | |a ĐTTS ghi: Hội Văn nghệ dân gian Việt Nam | ||
| 504 | |a Phụ lục: tr. 447-464. - Thư mục: tr. 465-469 | ||
| 520 | |a Giới thiệu văn hoá dân gian vùng cửa sông Đà Diễn (thành phố Tuy Hoà, tỉnh Phú Yên) qua văn hoá vật thể, phi vật thể với những phong tục, tập quán, tín ngưỡng dân gian, lễ hội dân gian, văn học - nghệ thuật và tri thức dân gian, nghề thủ công truyền thống và những di sản văn hoá vùng cửa sông Đà Diễn trong cuộc sống đương đại | ||
| 650 | 0 | 4 | |2 Bộ TK TVQG |a Văn hóa dân gian |x Nghiên cứu |
| 651 | 7 | |2 Bộ TK TVQG |a Tuy Hoà | |
| 651 | 4 | |a Sông Đà Diễn | |
| 651 | 7 | |2 Bộ TK TVQG |a Phú Yên | |
| 653 | |a Văn hóa dân gian | ||
| 653 | |a Sông Đà Diễn | ||
| OWN | |a LSP | ||
| AVA | |a UDN50 |b LNN |d 390.0959755 LÊ-V |e available |t Error 5001 Not defined in file expand_doc_bib_avail. |f 1 |g 0 |h N |i 0 | ||
| AVA | |a UDN50 |b LSP |d 390.0959755 LÊ-V |e available |t Error 5001 Not defined in file expand_doc_bib_avail. |f 1 |g 0 |h N |i 0 |k 1 | ||
| 999 | |a From the UDN01 | ||
| AVA | |a UDN50 |b LNN |d 390.0959755 LÊ-V |e available |t Error 5001 Not defined in file expand_doc_bib_avail. |f 1 |g 0 |h N |i 0 | ||
| AVA | |a UDN50 |b LSP |d 390.0959755 LÊ-V |e available |t Error 5001 Not defined in file expand_doc_bib_avail. |f 1 |g 0 |h N |i 0 |k 1 | ||
| TYP | |a Monograph | ||
| TYP | |a Printed language | ||
| 980 | |a Mạng thư viện Đại học Đà Nẵng | ||